Medzinárodná kamiónová doprava z pohľadu účtovníctva a daní - vybrané problémy diplomová práca

Enregistré dans:
Détails bibliographiques
Auteur principal: Mészáros, Éva
Collectivité auteur: Fakulta hospodárskej informatiky EU. Katedra účtovníctva a audítorstva
Autres auteurs: Antalová, Renáta
Format: Livre
Langue:slovaque
Publié: Bratislava 2022
Tags: Ajouter un tag
Pas de tags, Soyez le premier à ajouter un tag!

MARC

LEADER 00000nbm a2200000 4500
001 0298546
005 20240419095120.2
041 0 |a slo 
044 |a SK 
245 1 0 |a Medzinárodná kamiónová doprava z pohľadu účtovníctva a daní - vybrané problémy  |b diplomová práca  |c Éva Mészáros ; školiteľ: Renáta Antalová 
264 1 |a Bratislava  |c 2022 
300 |a 104 s. 
100 1 |a Mészáros, Éva 
700 1 |a Antalová, Renáta 
710 2 |a Fakulta hospodárskej informatiky EU. Katedra účtovníctva a audítorstva